| 000 | 00660pam a22002054a 4500 | ||
|---|---|---|---|
| 020 | _a0071369724 | ||
| 040 | _cDLC | ||
| 082 | 0 | 0 | _a657 MCG 2001 C145 Or. |
| 100 | 1 | _aLerner, Joel J. | |
| 245 | 1 | 0 |
_aPrinciples of accounting : _bbased on Schaum's Principles of accounting I / |
| 260 |
_aNew York : _bMcGraw-Hill, _cc2001. |
||
| 300 |
_av, 153 p. : _bill. ; _c21 cm. |
||
| 500 | _aAbridged ed. of: Schaum's outline of theory and problems of accounting I / Joel J. Lerner, James A. Cashin. | ||
| 500 | _aIncludes index. | ||
| 650 | 0 | _aAccounting | |
| 700 | 1 | _aCashin, James A. | |
| 700 | 1 | _aFulks, Daniel L. | |
| 700 | 1 | _aLerner, Joel J. | |
| 942 | _cAEDBB | ||
| 999 |
_c18437 _d18437 |
||